[Event "24th ch-EUR Indiv w 2024"]
[Site "Rhodes GRE"]
[Date "2024.04.26"]
[Round "7.41"]
[White "Velikic, Adela"]
[Black "Harmsen, Jessica"]
[Result "1-0"]
[WhiteTitle "WIM"]
[BlackTitle "WIM"]
[WhiteElo "2258"]
[BlackElo "2102"]
[WhiteFideId "913553"]
[BlackFideId "1001612"]
[EventDate "2024.04.19"]

1. d4 f5 2. Bg5 Nf6 3. Bxf6 exf6 4. e3 d5 5. c4 Bb4+ 6. Nc3 O-O 7. cxd5 Qxd5 8.
Ne2 Qf7 9. Qc2 c6 10. Nf4 Bd6 11. g3 g6 12. h4 Re8 13. Bd3 h5 14. Nce2 Bb4+ 15.
Kf1 Kg7 16. Kg2 Na6 17. a3 Bd6 18. Rag1 b5 19. Kf1 Bb7 20. g4 hxg4 21. h5 g5 22.
Ng3 Bxf4 23. Nxf5+ Kh8 24. exf4 Qe6 25. Qd2 c5 26. fxg5 fxg5 27. d5 Bxd5 28. Rh2
Qe5 29. Rg3 c4 30. Re3 Qf6 31. Bb1 Bf3 32. Nd4 Red8 33. Qc2 Rd7 34. Nxf3 gxf3
35. Rh3 g4 36. Rg3 Qh4 37. Qc3+ Kg8 38. Rexf3 Qh1+ 39. Rg1 Rd1+ 40. Ke2 Qxg1 41.
Bh7+ Kxh7 42. Rf7+ Kh6 43. Qf6+ Kxh5 44. Rh7# 1-0

[Event "24th ch-EUR Indiv w 2024"]
[Site "Rhodes GRE"]
[Date "2024.04.26"]
[Round "7.42"]
[White "Sivanandan, Bodhana"]
[Black "Starosta, Martyna"]
[Result "1/2-1/2"]
[WhiteTitle "WCM"]
[BlackTitle "WFM"]
[WhiteElo "2065"]
[BlackElo "2254"]
[WhiteFideId "497592"]
[BlackFideId "21818754"]
[EventDate "2024.04.19"]

1. e4 c6 2. Nc3 d5 3. Nf3 dxe4 4. Nxe4 Nf6 5. Qe2 Na6 6. d4 Nxe4 7. Qxe4 Qd5 8.
Qxd5 cxd5 9. c3 f6 10. Be3 Nb8 11. O-O-O Nc6 12. h3 a6 13. Bd3 b5 14. Rhe1 Kf7
15. Nd2 e5 16. dxe5 fxe5 17. Nb3 b4 18. Bc5 bxc3 19. bxc3 e4 20. Bc2 Be6 21.
Bxf8 Rhxf8 22. Nc5 Rac8 23. f3 Ne5 24. Nxe6 Kxe6 25. fxe4 Rxc3 26. exd5+ Kd6 27.
Kb2 Rc5 28. Re2 Rxd5 29. Rxd5+ Kxd5 30. Rd2+ Kc5 31. Kc3 h6 32. Be4 Rc8 33. Rd5+
Kb6+ 34. Kb3 Nc4 35. Bd3 Ne3 36. Rd7 Nxg2 37. Rxg7 Nf4 38. Bf5 Rc6 39. Rg4 Ne6
40. Bxe6 Rxe6 41. h4 h5 42. Rf4 Rg6 43. Rf5 Rg3+ 44. Kb2 Rg2+ 45. Kb3 Rg3+ 46.
Kb2 Rg2+ 1/2-1/2

[Event "24th ch-EUR Indiv w 2024"]
[Site "Rhodes GRE"]
[Date "2024.04.26"]
[Round "7.43"]
[White "Lehaci, Miruna-Daria"]
[Black "Guillo Longares, Cecilia"]
[Result "1-0"]
[WhiteTitle "WIM"]
[BlackTitle "WFM"]
[WhiteElo "2242"]
[BlackElo "2101"]
[WhiteFideId "1234765"]
[BlackFideId "32082681"]
[EventDate "2024.04.19"]

1. e4 c5 2. Nf3 Nc6 3. Bb5 g6 4. Bxc6 dxc6 5. d3 Bg7 6. h3 Nf6 7. Nc3 Nd7 8. Be3
e5 9. Qd2 h6 10. O-O b6 11. Nh2 Nf8 12. f4 exf4 13. Bxf4 Ne6 14. Be3 Nd4 15.
Rae1 O-O 16. Bxh6 Qe7 17. Bxg7 Kxg7 18. Nd1 Be6 19. Ne3 Qh4 20. c3 Nb5 21. Nf5+
gxf5 22. exf5 Bxf5 23. Rxf5 Rg8 24. Re4 Qh7 25. Rxf7+ Kxf7 26. Qf4+ Kg6 27. Re6+
Kh5 28. Re5+ 1-0

[Event "24th ch-EUR Indiv w 2024"]
[Site "Rhodes GRE"]
[Date "2024.04.26"]
[Round "7.44"]
[White "Borosova, Zuzana"]
[Black "Mgeladze, Kesaria"]
[Result "1/2-1/2"]
[WhiteTitle "WGM"]
[BlackTitle "WFM"]
[WhiteElo "2225"]
[BlackElo "2094"]
[WhiteFideId "14905779"]
[BlackFideId "13621130"]
[EventDate "2024.04.19"]

1. d4 Nf6 2. Nf3 g6 3. c4 c5 4. Nc3 cxd4 5. Nxd4 Nc6 6. e4 d6 7. Be2 Nxd4 8.
Qxd4 Bg7 9. Be3 O-O 10. Qd2 Qa5 11. f3 Be6 12. Rc1 Rfc8 13. b3 a6 14. Nd5 Qxd2+
15. Kxd2 Nxd5 16. cxd5 Bd7 17. Rxc8+ Rxc8 18. Rc1 Rxc1 19. Kxc1 1/2-1/2

[Event "24th ch-EUR Indiv w 2024"]
[Site "Rhodes GRE"]
[Date "2024.04.26"]
[Round "7.45"]
[White "Deak-Sala, Emilia"]
[Black "Dornbusch, Tatiana"]
[Result "0-1"]
[BlackTitle "WGM"]
[WhiteElo "2053"]
[BlackElo "2199"]
[WhiteFideId "795615"]
[BlackFideId "14107449"]
[EventDate "2024.04.19"]

1. d4 Nf6 2. c4 g6 3. Nc3 d5 4. cxd5 Nxd5 5. e4 Nxc3 6. bxc3 Bg7 7. Be3 O-O 8.
Bc4 c5 9. Ne2 Nc6 10. O-O cxd4 11. cxd4 Bd7 12. Rb1 Rc8 13. Qd3 Na5 14. Bd5 b5
15. Bg5 h6 16. Bh4 g5 17. Bg3 e6 18. Bb3 Nxb3 19. Rxb3 Bc6 20. Rd1 f5 21. exf5
exf5 22. d5 Qxd5 23. Qxd5+ Bxd5 24. Rxd5 f4 25. f3 Rc2 26. Rdxb5 Rxe2 27. Bf2
Rxa2 28. h4 a6 29. Rb7 Rf7 30. hxg5 hxg5 31. Bc5 Be5 32. R3b6 Kg7 33. Kh2 g4 34.
Rxf7+ Kxf7 35. Rb3 g3+ 36. Kh3 Ke6 37. Rd3 Kf5 38. Bd4 Bd6 39. Bc3 Ke6 40. Bd2
Ra4 41. Kg4 Rc4 42. Kg5 a5 43. Bc3 a4 44. Bb2 Rc2 45. Ba3 Be5 46. Bb4 Rxg2 47.
Ra3 Rc2 0-1

[Event "24th ch-EUR Indiv w 2024"]
[Site "Rhodes GRE"]
[Date "2024.04.26"]
[Round "7.46"]
[White "Hapala, Elisabeth"]
[Black "Nilssen, Ellen Fredericia"]
[Result "1-0"]
[WhiteTitle "WFM"]
[BlackTitle "WFM"]
[WhiteElo "2044"]
[BlackElo "2195"]
[WhiteFideId "1622080"]
[BlackFideId "1441230"]
[EventDate "2024.04.19"]

1. e4 c5 2. Nf3 d6 3. d4 cxd4 4. Nxd4 Nf6 5. Nc3 a6 6. h3 e5 7. Nb3 Be6 8. f4 b5
9. Be3 exf4 10. Bxf4 Nc6 11. Qf3 Ne5 12. Qe2 Rc8 13. Nd5 Be7 14. O-O-O O-O 15.
Bxe5 Bxd5 16. Bxf6 Bc4 17. Bxe7 Bxe2 18. Bxd8 Bxd1 19. Kxd1 Rfxd8 20. Be2 d5 21.
exd5 Rxd5+ 22. Kc1 f5 23. Bf3 Rd6 24. a3 g5 25. Re1 Kf7 26. Re5 Kf6 27. Rxf5+
Kxf5 28. Bg4+ Kf4 29. Bxc8 h5 30. Bb7 Rb6 31. Bd5 Rd6 32. Bf7 Rh6 33. Nd4 Rh7
34. Be8 Kg3 35. Bc6 Rc7 36. Bf3 g4 37. hxg4 hxg4 38. Bc6 Kf2 39. Kd2 g3 40. Bf3
Re7 41. b3 Rd7 42. Kd3 Re7 43. Bd5 Re5 44. c4 Re3+ 45. Kc2 bxc4 46. bxc4 Rxa3
47. c5 Ke3 48. Nb3 Ra2+ 49. Kc3 Rf2 50. c6 Rf8 51. Kc4 Kf4 52. Kc5 Ke5 53. Na5
Rc8 54. Nc4+ Kf6 55. Nb6 Rc7 56. Kd6 1-0

[Event "24th ch-EUR Indiv w 2024"]
[Site "Rhodes GRE"]
[Date "2024.04.26"]
[Round "7.47"]
[White "Gaboyan, Susanna"]
[Black "Paasikangas, Johanna"]
[Result "1-0"]
[WhiteTitle "WIM"]
[BlackTitle "FM"]
[WhiteElo "2192"]
[BlackElo "2080"]
[WhiteFideId "13303627"]
[BlackFideId "500879"]
[EventDate "2024.04.19"]

1. Nf3 d5 2. g3 g6 3. Bg2 Bg7 4. O-O Bg4 5. d4 Nc6 6. c3 Qd7 7. Re1 Nh6 8. Nbd2
O-O 9. e4 dxe4 10. Nxe4 Rad8 11. Bf4 b6 12. b4 f6 13. Qb3+ Nf7 14. Qc4 Kh8 15.
b5 Na5 16. Qxc7 Qxc7 17. Bxc7 Rc8 18. Bf4 g5 19. Bc1 Nc4 20. Ned2 Rfe8 21. Nxc4
Rxc4 22. Bb2 Nd6 23. Nd2 Rc7 24. c4 Bd7 25. Rac1 Bf8 26. c5 Nc8 27. c6 Bf5 28.
d5 Rd8 29. Nc4 Kg8 30. a4 Kf7 31. a5 Bd3 32. axb6 axb6 33. Bd4 Bxc4 34. Rxc4 f5
35. Ra4 Bg7 36. Be3 h6 37. Ra6 Bc3 38. Rc1 Ba5 39. Rxa5 bxa5 40. b6 1-0

[Event "24th ch-EUR Indiv w 2024"]
[Site "Rhodes GRE"]
[Date "2024.04.26"]
[Round "7.48"]
[White "Terbe, Zsuzsanna"]
[Black "Jimenez Fernandez, Rebeca"]
[Result "1-0"]
[WhiteTitle "WIM"]
[BlackTitle "WFM"]
[WhiteElo "2174"]
[BlackElo "2055"]
[WhiteFideId "708801"]
[BlackFideId "32070934"]
[EventDate "2024.04.19"]

1. d4 Nf6 2. c4 e6 3. Nf3 d5 4. Nc3 a6 5. c5 b6 6. cxb6 c5 7. Na4 Nbd7 8. Bf4 c4
9. Bc7 Bb4+ 10. Nc3 Qe7 11. Qa4 Bb7 12. Ne5 O-O 13. f3 Nxe5 14. Bxe5 Nd7 15. Bc7
e5 16. a3 Bxc3+ 17. bxc3 exd4 18. cxd4 Qh4+ 19. g3 Qxd4 20. Rd1 Qc3+ 21. Kf2 Nc5
22. Qb4 Qxb4 23. axb4 Nb3 24. e4 c3 25. exd5 c2 26. Bc4 cxd1=Q 27. Rxd1 a5 28.
Bxb3 axb4 29. d6 g5 30. d7 Rfd8 31. Bxd8 Rxd8 32. Ba4 Kf8 33. Re1 1-0

[Event "24th ch-EUR Indiv w 2024"]
[Site "Rhodes GRE"]
[Date "2024.04.26"]
[Round "7.49"]
[White "Eric, Jovana"]
[Black "Zvereva, Marija"]
[Result "1-0"]
[WhiteTitle "WGM"]
[BlackTitle "WIM"]
[WhiteElo "2162"]
[BlackElo "2049"]
[WhiteFideId "938238"]
[BlackFideId "4121082"]
[EventDate "2024.04.19"]

1. e4 c5 2. Nf3 Nc6 3. Nc3 e5 4. Bc4 d6 5. d3 h6 6. h3 Nge7 7. Nh2 Nd4 8. O-O
Ng6 9. a4 Be7 10. Nd5 Bg5 11. c3 Bxc1 12. Rxc1 Ne6 13. Ng4 O-O 14. g3 Ng5 15. h4
Nh3+ 16. Kg2 h5 17. Nge3 Nhf4+ 18. gxf4 exf4 19. Nf5 f3+ 20. Kxf3 Nxh4+ 21. Ke2
Bxf5 22. exf5 Nxf5 23. Kd2 g6 24. Rg1 Kh7 25. Kc2 a6 26. a5 Qh4 27. Qf3 Rae8 28.
Rh1 Qd8 29. Rxh5+ gxh5 30. Qxf5+ Kh6 31. Nf6 Re5 32. Qh7+ 1-0

[Event "24th ch-EUR Indiv w 2024"]
[Site "Rhodes GRE"]
[Date "2024.04.26"]
[Round "7.50"]
[White "Ivan-Gal, Hanna Krisztina"]
[Black "Kirtadze, Anastasia"]
[Result "1/2-1/2"]
[WhiteTitle "WFM"]
[BlackTitle "WFM"]
[WhiteElo "2161"]
[BlackElo "2044"]
[WhiteFideId "711861"]
[BlackFideId "13622714"]
[EventDate "2024.04.19"]

1. e4 c5 2. Nf3 e6 3. g3 Nc6 4. Bg2 Nf6 5. Qe2 e5 6. Nc3 d6 7. O-O Be7 8. Nd5
Be6 9. Ne1 Qd7 10. c3 O-O 11. d3 Ne8 12. Nc2 f5 13. f4 Nf6 14. fxe5 dxe5 15.
Nce3 g6 16. Nxe7+ Nxe7 17. exf5 gxf5 18. Nc4 Bxc4 19. dxc4 e4 20. Bh6 Rf7 21.
Bh3 Qe6 22. Rad1 Ng4 23. Bf4 1/2-1/2

[Event "24th ch-EUR Indiv w 2024"]
[Site "Rhodes GRE"]
[Date "2024.04.26"]
[Round "7.51"]
[White "Kroliczek, Gabriela"]
[Black "Peglau, Charis"]
[Result "1-0"]
[BlackTitle "WFM"]
[WhiteElo "1957"]
[BlackElo "2161"]
[WhiteFideId "21816727"]
[BlackFideId "16219996"]
[EventDate "2024.04.19"]

1. e4 c6 2. Nf3 d5 3. Nc3 h6 4. d4 dxe4 5. Nxe4 Bf5 6. Ng3 Bh7 7. Bd3 Bxd3 8.
Qxd3 Nf6 9. O-O e6 10. Re1 Nbd7 11. Bd2 Qc7 12. c4 O-O-O 13. b4 g5 14. Qc2 Bg7
15. Bc3 g4 16. Ne5 Nxe5 17. dxe5 Nd7 18. Qe4 h5 19. Nf1 Kb8 20. Rab1 Rhf8 21. a4
f5 22. exf6 Bxf6 23. Bd2 Be5 24. Rbd1 Ka8 25. a5 Rf5 26. Be3 Bh8 27. Qxe6 Rff8
28. Bg5 Nf6 29. Rxd8+ Qxd8 30. a6 Qc8 31. axb7+ Qxb7 32. Qd6 Re8 33. Rxe8+ Nxe8
34. Qd8+ Qb8 35. Qd7 Nf6 36. Bxf6 Bxf6 37. Qxc6+ Qb7 38. Qxf6 Qxb4 39. Qc6+ Kb8
40. c5 a5 41. Qe8+ Ka7 42. c6 Qb6 43. Qxh5 a4 44. Qe8 a3 45. Qe7+ Kb8 46. Qxa3 1-0

[Event "24th ch-EUR Indiv w 2024"]
[Site "Rhodes GRE"]
[Date "2024.04.26"]
[Round "7.52"]
[White "Silva, Mariana Sofia T."]
[Black "Rodriguez Redondo, Adhara"]
[Result "1-0"]
[WhiteTitle "WCM"]
[BlackTitle "WFM"]
[WhiteElo "1980"]
[BlackElo "2152"]
[WhiteFideId "1911899"]
[BlackFideId "32065698"]
[EventDate "2024.04.19"]

1. d4 Nf6 2. c4 e6 3. Nf3 d5 4. g3 Bb4+ 5. Nc3 O-O 6. Bg2 dxc4 7. O-O Nc6 8. a3
Be7 9. e4 Na5 10. Be3 a6 11. Qe2 b5 12. Rad1 Bb7 13. d5 exd5 14. e5 Ne8 15. Nd4
c5 16. Nf5 d4 17. Bxb7 Nxb7 18. Nd5 Bd6 19. exd6 dxe3 20. d7 Nf6 21. Nxf6+ Qxf6
22. fxe3 Nd8 23. e4 Ne6 24. e5 Qd8 25. Qg4 g6 26. Nh6+ Kg7 27. Nxf7 Qe7 28. Rd6
Nd4 29. d8=Q Raxd8 30. Nxd8 Rxd8 31. Rxd8 Qxd8 32. e6 Qd5 33. e7 Qe5 34. Qd7
Qe3+ 35. Kg2 Qe2+ 36. Rf2 Qe4+ 37. Kh3 Kh6 38. e8=Q 1-0

[Event "24th ch-EUR Indiv w 2024"]
[Site "Rhodes GRE"]
[Date "2024.04.26"]
[Round "7.53"]
[White "Olde, Margareth"]
[Black "Rzali, Sabina"]
[Result "1/2-1/2"]
[WhiteTitle "WIM"]
[BlackTitle "WCM"]
[WhiteElo "2146"]
[BlackElo "2039"]
[WhiteFideId "4503082"]
[BlackFideId "13410920"]
[EventDate "2024.04.19"]

1. c4 e6 2. Nf3 Nf6 3. d4 d5 4. g3 Be7 5. Bg2 O-O 6. Nc3 dxc4 7. Ne5 c5 8. dxc5
Qc7 9. Nxc4 Bxc5 10. Qb3 Nc6 11. O-O h6 12. Be3 Bxe3 13. fxe3 Ne5 14. Rf4 Ng6
15. Rf3 Bd7 16. Nd2 Bc6 17. e4 Ne5 18. Rf4 Qd6 19. Nf1 Qc5+ 20. Kh1 Nfg4 21. h3
g5 22. Rxg4 Qe7 23. Nd1 h5 24. Rf4 gxf4 25. gxf4 Ng6 26. Qf3 Qh4 27. e3 f5 28.
Nf2 e5 29. Qg3 Qxg3 30. Nxg3 fxe4 31. f5 Nh4 32. Nxh5 Nxg2 33. Kxg2 Rxf5 34. Ng4
Rf3 35. Rd1 Kh7 36. Rd6 Raf8 37. Rh6+ Kg8 38. Rg6+ Kh7 39. Rh6+ Kg8 40. Rg6+ Kh7
41. Rh6+ Kg8 1/2-1/2

[Event "24th ch-EUR Indiv w 2024"]
[Site "Rhodes GRE"]
[Date "2024.04.26"]
[Round "7.54"]
[White "Dwilewicz, Katarzyna"]
[Black "Grapsa, Georgia"]
[Result "1/2-1/2"]
[WhiteTitle "WFM"]
[BlackTitle "WFM"]
[WhiteElo "2130"]
[BlackElo "1920"]
[WhiteFideId "1148486"]
[BlackFideId "4206436"]
[EventDate "2024.04.19"]

1. e4 c5 2. Nf3 d6 3. d4 cxd4 4. Nxd4 Nf6 5. Nc3 a6 6. a4 e5 7. Nf3 h6 8. g3 Be6
9. Bg2 Nc6 10. O-O Nb4 11. b3 Qc7 12. Bb2 Be7 13. Qd2 O-O 14. Nh4 Rfd8 15. Nd5
Nbxd5 16. exd5 Bg4 17. h3 Bd7 18. a5 b5 19. axb6 Qxb6 20. Bc3 Rdc8 21. Ba5 Qc5
22. c3 e4 23. Bb4 Qb6 1/2-1/2

[Event "24th ch-EUR Indiv w 2024"]
[Site "Rhodes GRE"]
[Date "2024.04.26"]
[Round "7.55"]
[White "Karaivanova, Petya"]
[Black "Abrisqueta Zudaire, Leyre"]
[Result "0-1"]
[WhiteTitle "WFM"]
[BlackTitle "WFM"]
[WhiteElo "1909"]
[BlackElo "2115"]
[WhiteFideId "2919150"]
[BlackFideId "32092253"]
[EventDate "2024.04.19"]

1. e4 c5 2. Nf3 e6 3. d4 cxd4 4. Nxd4 Nf6 5. Nc3 Nc6 6. Ndb5 Bc5 7. Nd6+ Ke7 8.
Nxc8+ Rxc8 9. Bd3 Qc7 10. O-O h5 11. Bg5 Ne5 12. Na4 Ng4 13. g3 Bd6 14. f4 b5
15. Nc3 Bc5+ 16. Kh1 b4 17. Na4 Bd4 18. c3 bxc3 19. bxc3 Nf2+ 20. Rxf2 Bxf2 21.
Qf3 Qc6 22. Qxf2 Qxa4 23. e5 Rxc3 24. f5 Qc6+ 25. Kg1 Rxd3 26. exf6+ gxf6 27.
Bxf6+ Kxf6 28. fxe6+ Rf3 29. Qd4+ Ke7 30. Qxh8 Qc5+ 31. Kh1 Rf2 32. Qa8 Qc2 33.
Kg1 fxe6 34. Rf1 Rxf1+ 35. Kxf1 Qxa2 36. Qe4 Qd5 37. Qb4+ Kf7 38. Kg1 e5 39. Qb1
e4 40. Qb8 a5 41. Qf4+ Ke7 42. Qh6 a4 43. Qg7+ Kd8 44. Qf8+ Kc7 45. Qb4 Qc6 46.
Kf1 d5 47. Qa5+ Kb7 48. Qb4+ Ka6 49. Ke1 Qc4 50. Qd6+ Ka5 51. Qd8+ Kb4 52. Qb6+
Ka3 53. Qe3+ Ka2 54. Qd2+ Kb3 55. Qd1+ Kb4 0-1

[Event "24th ch-EUR Indiv w 2024"]
[Site "Rhodes GRE"]
[Date "2024.04.26"]
[Round "7.56"]
[White "Matnadze Bujiashvili, Ann"]
[Black "Tsetskhladze, Mariam"]
[Result "1-0"]
[WhiteTitle "IM"]
[BlackTitle "WCM"]
[WhiteElo "2365"]
[BlackElo "1955"]
[WhiteFideId "13601377"]
[BlackFideId "13623834"]
[EventDate "2024.04.19"]

1. c4 e5 2. Nc3 Nf6 3. g3 c6 4. d4 exd4 5. Qxd4 d5 6. Bg2 Be6 7. cxd5 cxd5 8.
Nf3 Nc6 9. Qa4 Be7 10. Nd4 Bd7 11. O-O O-O 12. Be3 Nxd4 13. Qxd4 Be6 14. Rfd1
Qa5 15. a3 Rfd8 16. Qd3 Rd7 17. Bd4 Qd8 18. Rac1 h6 19. Na4 b6 20. Nc3 Rc8 21.
Qa6 Rdc7 22. Ra1 Bc5 23. e3 Bxd4 24. Rxd4 Qe7 25. h3 Rc5 26. Rad1 Ra5 27. Qd3
Rac5 28. Kh2 Rc4 29. Nxd5 Bxd5 30. Bxd5 Rxd4 31. Qxd4 Nxd5 32. Qxd5 Rc2 33. Rd2
Rxd2 34. Qxd2 Qe4 35. Qd8+ Kh7 36. Qd4 Qc2 37. e4 Qe2 38. Kg2 Qc2 39. h4 Qe2 40.
b4 Qc2 41. Qd5 Qc7 42. e5 Qe7 43. f4 Qc7 44. Qe4+ Kg8 45. f5 Kf8 46. Kh3 Qc8 47.
h5 Ke7 48. Qg4 Qc1 49. Qd4 Qf1+ 50. Kg4 Qe2+ 51. Kf4 Qf1+ 52. Ke3 Qe1+ 53. Kd3
Qf1+ 54. Kd2 Qg2+ 55. Kc3 Qf3+ 56. Qd3 Qc6+ 57. Kb3 a5 58. bxa5 bxa5 59. Qd6+
Qxd6 60. exd6+ Kxd6 61. Ka4 Ke5 62. Kxa5 Kxf5 63. Kb6 Kg4 64. a4 Kxg3 65. a5 f5
66. a6 1-0

[Event "24th ch-EUR Indiv w 2024"]
[Site "Rhodes GRE"]
[Date "2024.04.26"]
[Round "7.57"]
[White "Belluire, Beatrice"]
[Black "Khotenashvili, Bella"]
[Result "0-1"]
[BlackTitle "GM"]
[WhiteElo "2070"]
[BlackElo "2454"]
[WhiteFideId "26017296"]
[BlackFideId "13602640"]
[EventDate "2024.04.19"]

1. e4 c6 2. d4 d5 3. e5 Bf5 4. h4 h5 5. Bd3 Bxd3 6. Qxd3 Qa5+ 7. Nd2 e6 8. Ne2
Ne7 9. O-O Nf5 10. Nf3 Qa6 11. Qd1 c5 12. c3 Nc6 13. Ng3 g6 14. Nxf5 gxf5 15.
Bg5 cxd4 16. cxd4 Qb6 17. Qd3 Rg8 18. Rfd1 Rc8 19. Qe2 a6 20. Rac1 Qb5 21. Qc2
Kd7 22. Rd3 Bb4 23. Qd1 Na5 24. a3 Be7 25. Rxc8 Rxc8 26. Bxe7 Kxe7 27. Ng5 Rh8
28. Qc2 Qb6 29. Rc3 Nc6 30. Rc5 f6 31. exf6+ Kxf6 32. Nf3 Rg8 33. Qc3 Rg4 34.
Ne5 Nxe5 35. dxe5+ Kg6 36. Rc8 Qd4 37. Rg8+ Kf7 38. Qxd4 Rxd4 39. Rb8 f4 40.
Rxb7+ Kg6 41. f3 a5 42. b4 axb4 43. axb4 Kf5 44. Rh7 Kxe5 45. Rxh5+ Kf6 46. Rh6+
Kf5 47. Rh5+ Kg6 48. Rg5+ Kf6 49. b5 Rb4 50. Rg4 e5 51. g3 Rb1+ 52. Kf2 Rb2+ 53.
Kf1 fxg3 54. Rxg3 Rxb5 55. Ke2 Rb2+ 56. Ke3 d4+ 57. Ke4 Rb3 58. Rg8 Re3+ 59. Kd5
d3 60. Kc4 Ke7 61. Rg7+ Ke6 62. Rg6+ Kf5 63. Rd6 Rxf3 64. Rxd3 e4 65. Rd8 Rh3
66. Rf8+ Ke5 67. Re8+ Kf4 68. Rf8+ Ke3 69. Ra8 Rxh4 70. Ra3+ Kf2 71. Ra2+ Kf3
72. Ra8 Rf4 73. Re8 Rf7 74. Kc3 e3 75. Kc2 Ke2 76. Kc3 Rc7+ 77. Kd4 Kd2 78. Ra8
e2 79. Ra2+ Rc2 0-1

[Event "24th ch-EUR Indiv w 2024"]
[Site "Rhodes GRE"]
[Date "2024.04.26"]
[Round "7.58"]
[White "Stojkovska, Monika"]
[Black "Stefanova, Antoaneta"]
[Result "0-1"]
[WhiteTitle "WFM"]
[BlackTitle "GM"]
[WhiteElo "2057"]
[BlackElo "2447"]
[WhiteFideId "15002594"]
[BlackFideId "2902257"]
[EventDate "2024.04.19"]

1. e4 c6 2. d4 d5 3. e5 c5 4. Nf3 cxd4 5. Nxd4 Nc6 6. Nxc6 bxc6 7. Bd3 e6 8. O-O
a5 9. Re1 Ba6 10. Bxa6 Rxa6 11. Nd2 Ne7 12. Nf3 Nf5 13. Bg5 Qb8 14. Nd4 h6 15.
Bc1 Nxd4 16. Qxd4 Qb4 17. Qd1 a4 18. a3 Qb7 19. Qg4 g6 20. h4 h5 21. Qf3 Be7 22.
g3 Rb6 23. Rb1 c5 24. b3 d4 25. Qxb7 Rxb7 26. Bd2 Kd7 27. bxa4 Rhb8 28. Rxb7+
Rxb7 29. Rd1 Kc6 30. Kf1 Kd5 31. f4 Ke4 32. Bc1 c4 33. Ke2 Bc5 34. Rd2 Rb1 35.
Rd1 Ra1 36. Re1 Ra2 37. Kd1+ Kf3 38. a5 Bxa3 39. Bxa3 Rxa3 40. Kd2 Rxa5 41. Rb1
Ra2 42. Kd1 Ke3 43. Kc1 c3 0-1

[Event "24th ch-EUR Indiv w 2024"]
[Site "Rhodes GRE"]
[Date "2024.04.26"]
[Round "7.59"]
[White "Pavlidou, Ekaterini"]
[Black "Tashkinova, Sofiia"]
[Result "1-0"]
[WhiteTitle "WIM"]
[WhiteElo "2201"]
[BlackElo "2066"]
[WhiteFideId "4213262"]
[BlackFideId "14188309"]
[EventDate "2024.04.19"]

1. d4 Nf6 2. c4 e6 3. Nc3 d5 4. cxd5 exd5 5. Bg5 Bb4 6. Qb3 c5 7. dxc5 Nc6 8.
O-O-O Be6 9. e4 d4 10. Bc4 Qe7 11. Nd5 Qxc5 12. Bxf6 gxf6 13. a3 Ba5 14. Kb1
O-O-O 15. Ne2 Kb8 16. Rc1 Ne5 17. Nef4 Qd6 18. Rhd1 f5 19. f3 fxe4 20. fxe4 f5
21. Nxe6 Qxe6 22. Nf4 Qd7 23. Be6 Qd6 24. exf5 Nd7 25. Bd5 Nb6 26. Rxd4 Qe5 27.
Rcd1 Qxf5+ 28. Be4 Qf6 29. Ne6 Rxd4 30. Qg3+ Ka8 31. Nc7+ Kb8 32. Na6+ Ka8 33.
Qb8+ 1-0

[Event "24th ch-EUR Indiv w 2024"]
[Site "Rhodes GRE"]
[Date "2024.04.26"]
[Round "7.60"]
[White "Aydin, Gulenay"]
[Black "Kakulidis, Ellen"]
[Result "1-0"]
[WhiteTitle "WFM"]
[BlackTitle "WFM"]
[WhiteElo "2195"]
[BlackElo "2062"]
[WhiteFideId "34557431"]
[BlackFideId "1444972"]
[EventDate "2024.04.19"]

1. e4 e5 2. Nf3 Nc6 3. Nc3 Nf6 4. d4 exd4 5. Nxd4 Bb4 6. Nxc6 bxc6 7. Bd3 O-O 8.
O-O Re8 9. Bg5 h6 10. Bh4 d5 11. exd5 g5 12. Bg3 cxd5 13. a3 Bd6 14. Bb5 Bg4 15.
Qd4 c5 16. Qa4 Re7 17. Nxd5 Nxd5 18. Qxg4 Bxg3 19. hxg3 Qb6 20. Bc4 Nf6 21. Qf5
Qxb2 22. Qg6+ Kh8 23. Qxh6+ Nh7 24. Bd3 Qg7 25. Qc6 Rae8 26. Qxc5 Nf6 27. Qc3
Qh6 28. Rfe1 Kg8 29. Rxe7 Rxe7 30. Re1 Rxe1+ 31. Qxe1 Ng4 32. Qe4 Qh5 33. Qa8+
Kg7 34. Qxa7 Qh2+ 35. Kf1 Qh1+ 36. Ke2 Qa1 37. Qa5 Nh2 38. Qxg5+ Kf8 39. Qh6+ 1-0

[Event "24th ch-EUR Indiv w 2024"]
[Site "Rhodes GRE"]
[Date "2024.04.26"]
[Round "7.61"]
[White "Allahverdiyeva, Ayan"]
[Black "Valkova, Angelika"]
[Result "1-0"]
[WhiteTitle "WIM"]
[WhiteElo "2152"]
[BlackElo "2009"]
[WhiteFideId "13412590"]
[BlackFideId "14129272"]
[EventDate "2024.04.19"]

1. e4 e5 2. Nf3 Nc6 3. Bb5 a6 4. Ba4 Nge7 5. c3 Ng6 6. d4 exd4 7. cxd4 Bb4+ 8.
Nc3 d5 9. exd5 Bxc3+ 10. bxc3 Qxd5 11. Bb3 Qe4+ 12. Kf1 Bg4 13. h4 Bxf3 14. gxf3
Qf5 15. Qe2+ Kd7 16. Qe4 Qb5+ 17. c4 Qh5 18. Bg5 Kc8 19. Bd1 Nge7 20. d5 f6 21.
dxc6 Nxc6 22. Qe6+ Kb8 23. Be3 Re8 24. Qd5 Re5 25. Qd2 Qf7 26. Be2 b6 27. f4 Re7
28. c5 Rd7 29. Qb2 b5 30. a4 b4 31. Bf3 Qc4+ 32. Kg2 Nd4 33. Rhc1 1-0

[Event "24th ch-EUR Indiv w 2024"]
[Site "Rhodes GRE"]
[Date "2024.04.26"]
[Round "7.62"]
[White "Manakova, Maria"]
[Black "Lomaia, Diana"]
[Result "1-0"]
[WhiteTitle "WGM"]
[BlackTitle "WFM"]
[WhiteElo "2148"]
[BlackElo "2005"]
[WhiteFideId "927007"]
[BlackFideId "13612476"]
[EventDate "2024.04.19"]

1. e4 e5 2. Nf3 Nc6 3. Bc4 Nf6 4. d3 Be7 5. O-O O-O 6. Re1 d6 7. c3 Na5 8. Bb5
a6 9. Ba4 c5 10. h3 b5 11. Bc2 Qc7 12. Nbd2 Nc6 13. Nf1 d5 14. exd5 Nxd5 15. d4
exd4 16. cxd4 cxd4 17. Be4 Be6 18. Ng5 Bxg5 19. Bxg5 Rac8 20. Rc1 Qd6 21. Bb1 f5
22. a3 Nb6 23. Bf4 Qd5 24. Nh2 Bf7 25. Qd3 g6 26. Nf3 Na4 27. Qd2 Rfe8 28. Bh6
Nc5 29. Rxe8+ Rxe8 30. Qc2 Qc4 31. Ba2 Qxa2 32. Qxc5 Nd8 33. Qxd4 Ne6 34. Qf6
Qd5 35. Re1 Qd7 36. Ng5 Qe7 37. Qc3 Qd7 38. Qe5 Qc7 39. Qf6 Qe7 40. Qe5 Qc7 41.
Nxf7 Qxf7 42. Qd5 Nc7 43. Rxe8+ Nxe8 44. Qc6 Qe7 45. Qxa6 Qe1+ 46. Kh2 Qe5+ 47.
f4 Qd5 48. Qa7 Qd6 49. Qb7 Nc7 50. Qc8+ Kf7 51. Qh8 Ke6 52. Qg8+ Kd7 53. Qxh7+
Kc6 54. Qg7 Nd5 55. Qd4 Qe6 56. a4 bxa4 57. Qxa4+ Kb7 58. Qb5+ Kc8 59. Qc4+ Kb7
60. Bg5 Qd6 61. Qd4 Kc6 62. Qe5 Qd7 63. Kg3 Kc5 64. Bh6 Qa4 65. Bf8+ Kc4 66.
Qe2+ Kd4 67. Qe5+ Kc4 68. Bg7 Qd1 69. Qe6 Qd3+ 70. Kh2 Qe4 71. Be5 Kb5 72. Qe8+
Kc4 73. Qxg6 Ne3 74. Qa6+ Kb3 75. Qa3+ Kc2 76. Qc3+ Kb1 77. Qe1+ Ka2 78. Qf2 Kb3
79. Qf3 Qd3 80. Kg3 Qd2 81. Bc3 Qd3 82. Kh2 Kc2 83. h4 Ng4+ 84. Kg3 Ne3 85. h5
Kb3 86. h6 Nf1+ 87. Kf2 1-0